Statistics for The Office (it's really hard...that's what she said)

Click here to take the quiz!

General Stats

  • This quiz has been taken 343 times
  • The average score is 9 of 15

Answer Stats

Question Answer % Correct
" Dwight, you ignorant ______.Slut
90%
What does Jan throw at Michaels Plasma TV?Dundie
86%
What is the name of the Sports Marketing company Jim starts?Ath-Lead
83%
What is the Security Guards name?Hank
80%
What branch does Karen manage?Utica
78%
What is Holly's Nashua boyfriends name?AJ
75%
What is Michael's middle name?Gary
74%
What was Oscar's boyfiends name?Gil
67%
What does Michael think is the name of Jan's baby?Astird
57%
On what does Michael burn his foot?Foreman Grill
55%
What is the name of the burly woman in the warehouse?Madge
55%
What brand of car does Michael drive for company cars?Chrysler
51%
What singer does Michael lie about having concert tickets to?Bruce Springsteen
51%
What does Michael eat (and later throw up) before the Rabies 5K?Fettucini Alfredo
20%
What vehicle does Andy sell Dwight?Nissan Xterra
16%

Score Distribution

Percentile by Number Answered

Percent of People with Each Score

Your Score History

You have not taken this quiz